000 00371nam a2200145Ia 4500
008 230917s9999||||xx |||||||||||||| ||und||
040 _e120422
_aMAIN
041 _aEnglish
082 _a547.139 K749O
100 _aKnipe, A. C. ed.
245 0 _aOrganic reaction mechanisms 1978
260 _aChichester
_bJohn Wiley & Sons
_c1980
300 _a719p. p.
942 _cBK
999 _c212931
_d212931